<?xml version="1.0" encoding="UTF-8"?>
<record
    xmlns:xsi="http://www.w3.org/2001/XMLSchema-instance"
    xsi:schemaLocation="http://www.loc.gov/MARC21/slim http://www.loc.gov/standards/marcxml/schema/MARC21slim.xsd"
    xmlns="http://www.loc.gov/MARC21/slim">

  <leader>00802nam a22001577a 4500</leader>
  <controlfield tag="003">OSt</controlfield>
  <controlfield tag="005">20150930112218.0</controlfield>
  <controlfield tag="008">150930b        xxu||||| |||| 00| 0 eng d</controlfield>
  <datafield tag="040" ind1=" " ind2=" ">
    <subfield code="c">RUA</subfield>
  </datafield>
  <datafield tag="082" ind1=" " ind2=" ">
    <subfield code="a">AGR HOU 2011 B047 Or.1</subfield>
  </datafield>
  <datafield tag="100" ind1=" " ind2=" ">
    <subfield code="9">1599</subfield>
    <subfield code="a">HOUN, SOTHEARETH.</subfield>
  </datafield>
  <datafield tag="245" ind1=" " ind2=" ">
    <subfield code="a">Effects of weed control on senpidea rice in prateahlang soil conditional in tram kok district, takeo province (&#x17A5;&#x1791;&#x17D2;&#x1792;&#x17B7;&#x1796;&#x179B;&#x1794;&#x1785;&#x17D2;&#x1785;&#x17C1;&#x1780;&#x1791;&#x17C1;&#x179F;&#x1780;&#x17C6;&#x1785;&#x17B6;&#x178F;&#x17CB;&#x179F;&#x17D2;&#x1798;&#x17C5;&#x1785;&#x1784;&#x17D2;&#x179A;&#x17C3;&#x179B;&#x17BE;&#x178A;&#x17C6;&#x178E;&#x17B6;&#x17C6;&#x179F;&#x17D2;&#x179A;&#x17BC;&#x179C;&#x179F;&#x17C2;&#x1793;&#x1796;&#x17B7;&#x178A;&#x17C4;&#x1780;&#x17D2;&#x1793;&#x17BB;&#x1784;&#x179B;&#x1780;&#x17D2;&#x1781;&#x1781;&#x178E;&#x17D2;&#x178C;&#x178A;&#x17B8;&#x1794;&#x17D2;&#x179A;&#x1791;&#x17C7;&#x17A1;&#x17B6;&#x1784;&#x1793;&#x17C5;&#x179A;&#x178A;&#x17BC;&#x179C;&#x179C;&#x179F;&#x17D2;&#x179F;&#x17B6;&#x179F;&#x17D2;&#x179A;&#x17BB;&#x1780;&#x178F;&#x17D2;&#x179A;&#x17B6;&#x17C6;&#x1780;&#x1780;&#x17CB;&#x1781;&#x17C1;&#x178F;&#x17D2;&#x178F;&#x178F;&#x17B6;&#x1780;&#x17C2;&#x179C;) </subfield>
  </datafield>
  <datafield tag="260" ind1=" " ind2=" ">
    <subfield code="a">Phnom Penh</subfield>
    <subfield code="b">RUA</subfield>
    <subfield code="c">2011</subfield>
  </datafield>
  <datafield tag="300" ind1=" " ind2=" ">
    <subfield code="a">xi, 46p.</subfield>
    <subfield code="b">ill.</subfield>
    <subfield code="c">29cm.</subfield>
  </datafield>
  <datafield tag="942" ind1=" " ind2=" ">
    <subfield code="2">ddc</subfield>
    <subfield code="c">AGR</subfield>
  </datafield>
  <datafield tag="999" ind1=" " ind2=" ">
    <subfield code="c">1510</subfield>
    <subfield code="d">1510</subfield>
  </datafield>
  <datafield tag="952" ind1=" " ind2=" ">
    <subfield code="0">0</subfield>
    <subfield code="1">0</subfield>
    <subfield code="2">ddc</subfield>
    <subfield code="4">0</subfield>
    <subfield code="6">AGR_HOU_2011_000000000000000_B047_OR_1</subfield>
    <subfield code="7">0</subfield>
    <subfield code="9">6754</subfield>
    <subfield code="a">LBB</subfield>
    <subfield code="b">LBB</subfield>
    <subfield code="c">B047</subfield>
    <subfield code="d">2015-09-30</subfield>
    <subfield code="o">AGR HOU 2011 B047 Or.1</subfield>
    <subfield code="p">RUA000239</subfield>
    <subfield code="r">2015-09-30</subfield>
    <subfield code="w">2015-09-30</subfield>
    <subfield code="y">AGR</subfield>
  </datafield>
  <datafield tag="952" ind1=" " ind2=" ">
    <subfield code="0">0</subfield>
    <subfield code="1">0</subfield>
    <subfield code="2">ddc</subfield>
    <subfield code="4">0</subfield>
    <subfield code="6">AGR_HOU_2011_000000000000000_B047_OR_2</subfield>
    <subfield code="7">0</subfield>
    <subfield code="9">6755</subfield>
    <subfield code="a">LBB</subfield>
    <subfield code="b">LBB</subfield>
    <subfield code="c">B047</subfield>
    <subfield code="d">2015-09-30</subfield>
    <subfield code="o">AGR HOU 2011 B047 Or.2</subfield>
    <subfield code="p">RUA000311</subfield>
    <subfield code="r">2015-09-30</subfield>
    <subfield code="w">2015-09-30</subfield>
    <subfield code="y">AGR</subfield>
  </datafield>
  <datafield tag="952" ind1=" " ind2=" ">
    <subfield code="0">0</subfield>
    <subfield code="1">0</subfield>
    <subfield code="2">ddc</subfield>
    <subfield code="4">0</subfield>
    <subfield code="6">AGR_HOU_2011_000000000000000_B047_OR_3</subfield>
    <subfield code="7">0</subfield>
    <subfield code="9">6756</subfield>
    <subfield code="a">LBB</subfield>
    <subfield code="b">LBB</subfield>
    <subfield code="c">B047</subfield>
    <subfield code="d">2015-09-30</subfield>
    <subfield code="o">AGR HOU 2011 B047 Or.3</subfield>
    <subfield code="p">RUA000383</subfield>
    <subfield code="r">2015-09-30</subfield>
    <subfield code="w">2015-09-30</subfield>
    <subfield code="y">AGR</subfield>
  </datafield>
</record>
